000 01933cam a22004814a 4500
001 muse86497
003 MdBmJHUP
005 20210127151722.0
006 m o d
007 cr||||||||nn|n
008 200531r20201952ncu o 00 0 eng d
020 _a9781469657516
020 _z1469657511
020 _z9781469657509
035 _a(OCoLC)1157944092
040 _aMdBmJHUP
_cMdBmJHUP
041 1 _aeng
_hfre
050 4 _aPT2296.Z5
_bF59 1952
100 1 _aFlygt, Sten G.
_q(Sten Gunnar),
_d1911-1978,
_eauthor.
245 1 0 _aFriedrich Hebbel's Conception of Movement in the Absolute and in History
_cby Sten G. Flygt.
264 1 _bProject Muse,
264 3 _bProject MUSE,
300 _a1 online resource (1 EPUB unpaged.)
490 0 _aUNC studies in the Germanic languages and literatures ;
_vnumber 7
500 _aIssued as part of book collections on Project MUSE.
504 _aIncludes bibliographical references.
505 0 _aDiscursive formulations: the diaries and letters -- Dramatic formulations: the plays -- Mystic formulations: religio-poetic expression.
506 0 _aOpen Access
_fUnrestricted online access
_2star
588 _aDescription based on print version record.
600 1 1 _aHebbel, Friedrich,
_d1813-1863.
655 0 _aElectronic books.
655 7 _aElectronic books.
_2local
710 2 _aProject Muse,
_edistributor.
776 1 8 _iPrint version:
_w(DLC) 53000919
_z9781469657509
_z1469657503
710 2 _aProject Muse.
_edistributor
830 0 _aUniversity of North Carolina studies in the Germanic languages and literatures ;
_vno. 7.
830 0 _aBook collections on Project MUSE.
856 4 0 _zFull text available:
_uhttps://muse.jhu.edu/book/75775/
999 _c26783
_d26783